Sustainable development indicators in your pocket 2008 (Record no. 108579)

MARC details
000 -LEADER
fixed length control field 01799cad a22002175a 4500
001 - CONTROL NUMBER
control field L144653
008 - FIXED-LENGTH DATA ELEMENTS--GENERAL INFORMATION
fixed length control field 110419s2008 xxkabd f s f000 0 eng d
035 ## - SYSTEM CONTROL NUMBER
System control number (Sirsi) u144653
041 0# - LANGUAGE CODE
Language code of text/sound track or separate title eng
050 04 - LIBRARY OF CONGRESS CALL NUMBER
Classification number 333.72 $2 18
110 2# - MAIN ENTRY--CORPORATE NAME
Corporate name or jurisdiction name as entry element United Kingdom
Subordinate unit Department for Environment, Food and Rural Affairs
245 00 - TITLE STATEMENT
Title Sustainable development indicators in your pocket 2008
Remainder of title an update of the UK government strategy indicators
Medium [electronic resource]
260 ## - PUBLICATION, DISTRIBUTION, ETC.
Place of publication, distribution, etc. London
Name of publisher, distributor, etc. DEFRA
Date of publication, distribution, etc. 2008
505 2# - FORMATTED CONTENTS NOTE
Formatted contents note Overall messages from the indicators -- UK framework indicators -- Understanding the indicators -- Greenhouse gas emissions -- Electricity generation -- Carbon dioxide and other emissions -- Resource use -- Waste -- natural resources -- Contextual indicators -- Society -- Employment and poverty -- Education -- Health -- Mobility and access -- Social justice/environmental equality -- International -- Wellbeing
520 ## - SUMMARY, ETC.
Summary, etc. Provides details of 68 indicators through which to review government progress, along with other evidence, in four priority areas: sustainable consumption and production; climate change and energy; protecting natural resources and enhancing the environment and creating sustainable communities and a fairer world. Presents and assesses the indicators, measures of everyday concerns including health; housing; jobs; education and our environment to help illustrate the range of challenges involved with sustainable development.
521 ## - TARGET AUDIENCE NOTE
Target audience note Advanced
651 #4 - SUBJECT ADDED ENTRY--GEOGRAPHIC NAME
Geographic name England and Wales
Chronological subdivision 1543-
690 ## - LOCAL SUBJECT ADDED ENTRY--TOPICAL TERM (OCLC, RLIN)
Topical term or geographic name as entry element ENVIRONMENTAL AND LAND CONSULTANCY-SUSTAINABILITY-SUSTAINABLE DEVELOPMENT
856 40 - ELECTRONIC LOCATION AND ACCESS
Uniform Resource Identifier <a href="https://consumption.education.gov.uk/publications/eOrderingDownload/SDIYP2008_a6.pdf">https://consumption.education.gov.uk/publications/eOrderingDownload/SDIYP2008_a6.pdf</a>
Public note View the item free of charge online at https://consumption.education.gov.uk
942 ## - ADDED ENTRY ELEMENTS (KOHA)
Suppress in OPAC 0
Holdings
Withdrawn status Lost status Source of classification or shelving scheme Damaged status Not for loan Home library Current library Shelving location Date acquired Total Checkouts Full call number Barcode Date last seen Copy number Price effective from Koha item type
    Dewey Decimal Classification     Virtual Virtual Online 04/08/2008   ONLINE PUBLICATION 144653-1001 06/08/2019 1 06/08/2019 Book